| 000 | 00437nam a2200157 a 4500 | ||
|---|---|---|---|
| 005 | 20210219153044.0 | ||
| 008 | 991125n 000 0 spa u | ||
| 035 | _aUPN01000075010 | ||
| 100 | _aAhumada Acevedo, Pedro | ||
| 222 | _aPERSPECTIVA EDUCACIONAL | ||
| 245 | _aEl aprendizaje significativo y su incorporación a la docencia superior | ||
| 300 | _a11-22 | ||
| 362 | _a1997 No. 29 | ||
| 904 |
_aAC _b012821 |
||
| 905 | _aArticulo | ||
| 999 |
_c67266 _d67266 |
||